Regina e o mágico (Record no. 194211)

MARC details
000 -LÍDER
campo de controle de tamanho fixo 00283 a2200133 4500
001 - NÚMERO DE CONTROLE
campo de controle 194211
040 ## - FONTE DA CATALOGAÇÃO
Instituição que transcreveu o registro Magnum
100 ## - ENTRADA PRINCIPAL--NOME PESSOAL
Nome pessoal Junqueira, Sonia
240 10 - TÍTULO UNIFORME
Título uniforme Regina e o mágico
Idioma da obra por
245 10 - TÍTULO
Título Regina e o mágico
362 0# - DATAS DE PUBLICAÇÃO E/OU DESIGNAÇÃO SEQUENCIAL
Datas de publicação e/ou designação sequencial 2008
697 ## - ENTRADA DE ASSUNTO LOCAL--ENTIDADE COLETIVA (RLIN)
Nome corporativo ou nome da jurisdição LITERATURA INFANTIL
942 ## - ELEMENTOS DE ENTRADA ADICIONADOS (KOHA)
Tipo de material Koha Livros
Holdings
Situação do descarte Situação das perdas Situação física Não pode ser emprestado Biblioteca de origem Biblioteca atual Data de aquisição Total de empréstimos Número de chamada completo Código de barras Data de último acesso Data do preço efetivo Tipo de material Koha
        Magnum Magnum 08/06/2024   869.0.934 MAG00073308 08/06/2024 08/06/2024 Livros